Services marketing an Asia-pacific perspective
محفوظ في:
| المؤلف الرئيسي: | |
|---|---|
| مؤلفون آخرون: | |
| التنسيق: | كتاب |
| اللغة: | Undetermined |
| منشور في: |
Sydney
Prentice Hall Europe
2015
|
| الموضوعات: |
Service industries
> Australia
> Marketing; Service industries
> New Zealand
> Marketing; Service industries
> Southeast Asia
> Marketing.; Công nghiệp dịch vụ
> Úc
> Tiếp thị; Công nghiệp dịch vụ
> Đông Nam Á
> Tiếp thị; Công nghiệp dịch vụ
> New ZealandÂÂÂÂ
> Tiếp thị
|
| الوصول للمادة أونلاين: | http://lrc.tdmu.edu.vn/opac/search/detail.asp?aID=2&ID=24613 |
| الوسوم: |
إضافة وسم
لا توجد وسوم, كن أول من يضع وسما على هذه التسجيلة!
|
| Thư viện lưu trữ: | Trung tâm Học liệu Trường Đại học Thủ Dầu Một |
|---|
| LEADER | 00992nam a2200217Ia 4500 | ||
|---|---|---|---|
| 001 | TDMU_24613 | ||
| 008 | 210410s9999 xx 000 0 und d | ||
| 082 | |a 658.8 | ||
| 090 | |b L435 | ||
| 100 | |a Lovelock, Christopher H | ||
| 245 | 0 | |a Services marketing | |
| 245 | 3 | |b an Asia-pacific perspective | |
| 245 | 0 | |c Christopher Lovelock, Paul G. Patterson, Rhett H. Walker | |
| 260 | |a Sydney | ||
| 260 | |b Prentice Hall Europe | ||
| 260 | |c 2015 | ||
| 300 | |a 508 pages | ||
| 650 | |a Service industries |x Australia |x Marketing; Service industries |z New Zealand |x Marketing; Service industries |z Southeast Asia |x Marketing.; Công nghiệp dịch vụ |z Úc |x Tiếp thị; Công nghiệp dịch vụ |z Đông Nam Á |x Tiếp thị; Công nghiệp dịch vụ |z New ZealandÂÂÂÂ |x Tiếp thị | ||
| 700 | |a Patterson, Paul G | ||
| 856 | |u http://lrc.tdmu.edu.vn/opac/search/detail.asp?aID=2&ID=24613 | ||
| 980 | |a Trung tâm Học liệu Trường Đại học Thủ Dầu Một | ||